| 000 | 01230nam a2200325 c 4500 | ||
|---|---|---|---|
| 003 | BLK | ||
| 005 | 20180821101856.0 | ||
| 008 | 180409b bul|||||r ||||||| ||bul|| | ||
| 010 | _aKNG00102517000 | ||
| 040 | _aBLK | ||
| 041 |
_aBUL _cBUL |
||
| 080 |
_aИспанска литература _b821.134.2 _x-31 _z821.134.2-31 |
||
| 100 | 1 |
_aСервантес Сааведра, Мигел де _eпърви автор _9369480 |
|
| 700 | 1 |
_aНейков, Тодор Петров _eпрев. от исп. _9365097 |
|
| 700 | 1 |
_aСервантес, Мигел де _e* _9366826 |
|
| 139 |
_aСервантес Сааведра, Мигел де _bС 34 |
||
| 245 | 1 | 0 |
_aДон Кихот _bРоман _cМигел де Сервантес Сааведра; прев. от исп. Тодор Петров Нейков; * Мигел де Сервантес. |
| 250 | _a4. съкр. изд. | ||
| 257 | _aSPA | ||
| 260 |
_аСофия _bОтечество _c1986 |
||
| 300 |
_a437 с. _c21 см |
||
| 380 | _aX | ||
| 490 | 1 | _aБиблиотека за ученика | |
| 653 | _aромани | ||
| 852 | _aЦб 144670 | ||
| 856 | 4 |
_qpdf _u |
|
| 856 | 4 |
_qpdf _u |
|
| 942 |
_cKNG _n0 _02 |
||
| 944 |
_aCR _c01.01.1999 _kЛюдмила_Стоянова |
||
| 944 |
_aED _c17.05.2010 _k |
||
| 999 |
_c97605 _d97605 |
||